| Tag |
First Indicator |
Second Indicator |
Subfields |
| LEADER |
00000cam a2200000 i 4500 |
| 001 |
in00003753721 |
| 005 |
20170111155820.0 |
| 008 |
151109s2016 nyuab j b 001 0 eng |
| 010 |
|
|
|a 2015043455
|
| 035 |
|
|
|a (OCoLC)ocn922911163
|
| 040 |
|
|
|a DLC
|b eng
|e rda
|c DLC
|d BTCTA
|d YDXCP
|d BDX
|d OCLCF
|d IEB
|d CGP
|d INR
|d ABG
|d NDS
|d RB0
|d TUL
|
| 020 |
|
|
|a 9780545732437 (hardcover : alk. paper)
|
| 020 |
|
|
|a 0545732433 (hardcover : alk. paper)
|
| 024 |
8 |
|
|a 40026627743
|
| 035 |
|
|
|a (OCoLC)922911163
|
| 037 |
|
|
|b Scholastic, Po Box 7502, Jefferson City, MO, USA, 65102
|n SAN 860-0023
|
| 042 |
|
|
|a pcc
|
| 043 |
|
|
|a e-no---
|a e-gx---
|a e-uk---
|
| 050 |
0 |
0 |
|a D794.5
|b .B37 2016
|
| 082 |
0 |
0 |
|a 940.54/864109481
|2 23
|
| 049 |
|
|
|a TXAM
|
| 100 |
1 |
|
|a Bascomb, Neal,
|e author.
|
| 245 |
1 |
0 |
|a Sabotage :
|b the mission to destroy Hitler's atomic bomb /
|c Neal Bascomb.
|
| 250 |
|
|
|a First edition.
|
| 264 |
|
1 |
|a New York, NY :
|b Arthur A. Levine Books, an imprint of Scholastic Inc.,
|c [2016]
|
| 300 |
|
|
|a 307 pages :
|b illustrations, maps ;
|c 22 cm
|
| 336 |
|
|
|a text
|b txt
|2 rdacontent
|
| 337 |
|
|
|a unmediated
|b n
|2 rdamedia
|
| 338 |
|
|
|a volume
|b nc
|2 rdacarrier
|
| 504 |
|
|
|a Includes bibliographical references (pages 262-268) and index.
|
| 505 |
0 |
|
|a Invasion -- The uranium club -- Ministry of ungentlemanly warfare -- The size of a pineapple -- Operation Grouse -- The vidda -- Little birds -- Gunnerside -- Survival -- The white tempest -- The plan -- Winter fortress -- Escape -- Percent success -- The chase -- Another go -- Bigassbird II -- The transport -- The ticking clock -- Sabotage -- Epilogue.
|
| 520 |
|
|
|a The invasion begins at night, with German cruisers slipping into harbor, and soon the Nazis occupy all of Norway. They station soldiers throughout the country. They institute martial rule. And at Vemork, an industrial fortress high above a dizzying gorge, they gain access to an essential ingredient for the weapon that could end World War II: Hitler's very own nuclear bomb. When the Allies discover the plans for the bomb, they agree Vemork must be destroyed. But after a British operation fails to stop the Nazis' deadly designs, the task falls to a band of young Norwegian commandos. Armed with little more than skis, explosives, and great courage, they will survive months in the snowy wilderness, elude a huge manhunt, and execute two dangerous missions. The result? The greatest act of sabotage in all of World War II.
|
| 611 |
2 |
7 |
|a World War (1939-1945)
|2 fast
|0 (OCoLC)fst01180924
|
| 650 |
|
0 |
|a World War, 1939-1945
|x Commando operations
|z Norway
|v Juvenile literature.
|
| 650 |
|
0 |
|a World War, 1939-1945
|x Underground movements
|z Norway
|v Juvenile literature.
|
| 650 |
|
0 |
|a Sabotage
|z Norway
|x History
|y 20th century
|v Juvenile literature.
|
| 650 |
|
0 |
|a Atomic bomb
|z Germany
|x History
|v Juvenile literature.
|
| 650 |
|
0 |
|a World War, 1939-1945
|z Germany
|x Technology
|v Juvenile literature.
|
| 650 |
|
7 |
|a Atomic bomb.
|2 fast
|0 (OCoLC)fst00820568
|
| 650 |
|
7 |
|a Commando troops.
|2 fast
|0 (OCoLC)fst00869242
|
| 650 |
|
7 |
|a Sabotage.
|2 fast
|0 (OCoLC)fst01102999
|
| 650 |
|
7 |
|a Technology.
|2 fast
|0 (OCoLC)fst01145078
|
| 650 |
|
7 |
|a Underground movements, War.
|2 fast
|0 (OCoLC)fst01355184
|
| 651 |
|
7 |
|a Germany.
|2 fast
|0 (OCoLC)fst01210272
|
| 651 |
|
7 |
|a Norway.
|2 fast
|0 (OCoLC)fst01204556
|
| 650 |
|
1 |
|a World War, 1939-1945
|x Commando operations
|z Norway.
|
| 650 |
|
1 |
|a World War, 1939-1945
|x Underground movements
|z Norway.
|
| 650 |
|
1 |
|a Sabotage
|z Norway
|x History
|y 20th century.
|
| 650 |
|
1 |
|a Atomic bomb
|z Germany
|x History.
|
| 650 |
|
1 |
|a World War, 1939-1945
|z Germany
|x Technology.
|
| 648 |
|
7 |
|a 1900-1999
|2 fast
|
| 655 |
|
7 |
|a History.
|2 fast
|0 (OCoLC)fst01411628
|
| 655 |
|
7 |
|a Juvenile works.
|2 fast
|0 (OCoLC)fst01411637
|
| 945 |
|
|
|b 909691
|
| 947 |
|
|
|a A14850008617
|
| 994 |
|
|
|a 92
|b TXA
|
| 948 |
|
|
|a Cataloged
|b h
|c 2017/1/11
|d c
|e MTrevino
|
| 999 |
f |
f |
|s 9582778c-ae16-3c69-9f7d-338c61067fa4
|i 81fb9dbd-5f6d-3cd0-9960-cad67cdba138
|t 0
|
| 952 |
f |
f |
|p normal
|a Texas A&M University
|b College Station
|c Sterling C. Evans Library
|d Evans: Curriculum Collection (4th floor)
|t 0
|e D794.5 .B37 2016
|h Library of Congress classification
|i unmediated -- volume
|m A14850008617
|
| 998 |
f |
f |
|a D794.5 .B37 2016
|t 0
|l Evans: Curriculum Collection (4th floor)
|